MARC
| LEADER | 00000nam a2200000Ia 4500 | ||
|---|---|---|---|
| 008 | 170316s9999 xx 000 0 und d | ||
| 040 | |a cru BVZT | ||
| 090 | |a 840 A-6p | ||
| 100 | |a Aragón | ||
| 245 | |a Le paysan de Paris | ||
| 260 | |a París, Francia | ||
| 260 | |b Gallimard | ||
| 260 | |c 1926 | ||
| 300 | |a 251 páginas | ||
| 650 | |a LITERATURA FRANCESA | ||
| 999 | |c 7484 |d 7484 | ||
| 942 | |c 15 D |h 840 A-6p |2 z | ||
